Metody teorii massovogo obsluživanija
Gespeichert in:
| 1. Verfasser: | |
|---|---|
| Weitere Verfasser: | |
| Format: | Buch |
| Sprache: | Russisch |
| Veröffentlicht: |
Moskva
Radijo i svjaz'
1981
|
| Tags: |
Keine Tags, Fügen Sie das erste Tag hinzu!
|
MARC
| LEADER | 00000nam a2200000 4500 | ||
|---|---|---|---|
| 001 | c127530 | ||
| 005 | 20240911093723.4 | ||
| 041 | 0 | |a rus | |
| 044 | |a RU | ||
| 245 | 1 | 0 | |a Metody teorii massovogo obsluživanija |c Dieter König, Dietrich Stoyan ; [Perevod s nemeckogo L.F. Matvejeva] |
| 264 | 1 | |a Moskva |b Radijo i svjaz' |c 1981 | |
| 300 | |a 126 s. | ||
| 100 | 1 | |a König, Dieter | |
| 700 | 1 | |a Stoyan, Dietrich | |